=LDR 00000nam 2200000 4500 =001 INLIS000000000014982 =005 20140705143153.0 =006 =007 =008 Ind =035 ##$$a 0010-061300000014982 =041 ##$$a Ind =082 ##$$a 635.659 6 =090 ##$$a 635.659 6, Kac k =100 ##$$a AAk =245 ##$$a kacang tanah, AAk =260 ##$$a 1985 $b Yogyakarta =300 ##$$a 83 hlm, Ilus, 21 cm =650 ##$$a Kacang tanah =850 ##$$a NBPNMAT